000 00625nam a2200229Ia 4500
003 OSt
005 20220930203726.0
006 a|||||r|||| 00| 0
007 ta
008 220926b |||||||| |||| 00| 0 hin d
024 _a79531
037 _cDissertations
040 _aCRL
_cCRL
_bhin
041 _2hin
_ahin
100 _aChanderkant Singh
_9566140
245 0 _aSapna abhi bhi
_b Samvedna aur shilp
260 _c1999
650 _aHINDI LITERATURE
_923866
700 _a Prof Nityanand Tewari Gu.
_9532469
942 _cDIS
_2CC
999 _c905037
_d905037